Štátne hranice Slovenskej republiky diplomová práca

Enregistré dans:
Détails bibliographiques
Auteur principal: Kačmárová, Veronika
Collectivité auteur: Fakulta medzinárodných vzťahov EU. Katedra medzinárodného práva
Autres auteurs: Mráz, Stanislav
Format: Livre
Langue:slovaque
Publié: Bratislava 2018
Tags: Ajouter un tag
Pas de tags, Soyez le premier à ajouter un tag!

MARC

LEADER 00000nbm a2200000 4500
001 0244508
005 20180802102052.9
041 0 |a slo 
044 |a SK 
245 1 0 |a Štátne hranice Slovenskej republiky  |b diplomová práca  |c Veronika Kačmárová ; školiteľ: Stanislav Mráz 
264 1 |a Bratislava  |c 2018 
300 |a 67 s. 
100 1 |a Kačmárová, Veronika 
700 1 |a Mráz, Stanislav 
710 2 |a Fakulta medzinárodných vzťahov EU. Katedra medzinárodného práva